[Event "Mittelfranken EM 2022"]
[Site "Nuernberg"]
[Date "2022.04.15"]
[Round "3.17"]
[White "Weissmann, Peter"]
[Black "Suess, Helmut"]
[Result "1/2-1/2"]
[WhiteElo "1707"]
[BlackElo "1815"]
[PlyCount "47"]
[EventDate "2022.??.??"]
[WhiteTeam "SG Fuerth"]
[BlackTeam "SC NT Nuernberg"]

1. b4 c6 2. Bb2 Nf6 3. c4 e6 4. Qb3 d5 5. e3 Be7 6. Nf3 O-O 7. d4 Nbd7 8. Bd3
dxc4 9. Bxc4 Nb6 10. O-O Nxc4 11. Qxc4 Qd5 12. Qxd5 exd5 13. a3 a5 14. bxa5
Rxa5 15. Bc3 Ra4 16. Nfd2 Bf5 17. Bb2 Rfa8 18. Nc3 R4a7 19. Ra2 h6 20. Rfa1 Bd3
21. f3 Bd6 22. g3 Re8 23. Kf2 g5 24. Re1 1/2-1/2

[Event "Mittelfranken EM 2022"]
[Site "Nuernberg"]
[Date "2022.04.15"]
[Round "3.18"]
[White "Majid, Hakim"]
[Black "Dajakaj, Kastriot"]
[Result "0-1"]
[WhiteElo "1481"]
[BlackElo "1656"]
[PlyCount "128"]
[EventDate "2022.??.??"]
[WhiteTeam "SW Nuernberg Sued"]
[BlackTeam "SG Buechenbach/Roth"]

1. e4 e5 2. Bc4 Nf6 3. Nc3 Bc5 4. Nf3 d6 5. O-O O-O 6. d4 exd4 7. Nxd4 Nbd7 8.
Nf5 Ne5 9. Be2 Bb6 10. Bg5 h6 11. Bh4 Ng6 12. Bg3 Re8 13. Bd3 a6 14. Kh1 Ne5
15. Bxe5 dxe5 16. Qf3 Be6 17. Rad1 Qc8 18. Qg3 Bxf5 19. exf5 e4 20. Bc4 Qxf5
21. a3 c6 22. Bb3 Rad8 23. Rxd8 Rxd8 24. Na4 Ba7 25. Qc7 Qd7 26. Qe5 Ng4 27.
Qf4 Nxf2+ 28. Rxf2 Bxf2 29. Qxf2 Qd1+ 30. Qg1 Qg4 31. Nc3 Qf4 32. h3 Rd2 33.
Qe1 Rf2 34. Kg1 e3 35. Nd1 Rd2 36. Nxe3 Rd4 37. Ng4 Re4 38. Qf1 Qc7 39. Nf2 Rf4
40. Qe2 Qb6 41. Qd2 Rf6 42. Qe2 Qd4 43. c3 Qc5 44. Qd2 Qb6 45. Ba2 g6 46. Qd4
Qxd4 47. cxd4 Rd6 48. Ng4 Kg7 49. Ne5 Rxd4 50. Nxf7 Rd2 51. Ne5 Rxb2 52. Bf7
Rb5 53. Nc4 Rb1+ 54. Kh2 Kxf7 55. Kg3 b5 56. Nd6+ Ke6 57. Ne4 Rb3+ 58. Kh2 Rxa3
59. Nc5+ Kd5 60. Nd7 b4 61. Nf6+ Kd4 62. Ng4 h5 63. Nf2 b3 64. Nd1 Ra2 0-1

[Event "Mittelfranken EM 2022"]
[Site "Nuernberg"]
[Date "2022.04.15"]
[Round "3.19"]
[White "Mishra, Sanyukt"]
[Black "Frenz, Joachim"]
[Result "1-0"]
[WhiteElo "1539"]
[BlackElo "1550"]
[PlyCount "67"]
[EventDate "2022.??.??"]
[WhiteTeam "SC NT Nuernberg"]
[BlackTeam "SC Stein"]

1. e4 c6 2. d4 d5 3. exd5 cxd5 4. c4 e6 5. Nc3 dxc4 6. Bxc4 a6 7. Nf3 b5 8. Bb3
Bb4 9. O-O Bd6 10. d5 e5 11. Re1 f6 12. Nh4 Ne7 13. Bc2 g6 14. Qf3 Kf7 15. Ne4
Nf5 16. Nxf5 Bxf5 17. Nxd6+ Qxd6 18. Bxf5 gxf5 19. Qxf5 Qxd5 20. Bg5 Qd6 21.
Rad1 Qe7 22. f4 Kg7 23. Bh4 Rf8 24. fxe5 Qa7+ 25. Kh1 fxe5 26. Qxe5+ Kg8 27.
Be7 Re8 28. Qe6+ Kg7 29. Bf6+ Kg6 30. Qxe8+ Kxf6 31. Rd6+ Kf5 32. Qe5+ Kg4 33.
Rd4+ Qxd4 34. Qxd4+ 1-0

[Event "Mittelfranken EM 2022"]
[Site "Nuernberg"]
[Date "2022.04.16"]
[Round "4.1"]
[White "Yelisieiev, Yevhenii"]
[Black "Redzepovic, Irfan"]
[Result "1-0"]
[WhiteElo "2408"]
[BlackElo "2079"]
[PlyCount "59"]
[EventDate "2022.??.??"]
[WhiteTeam "SC NT Nuernberg"]
[BlackTeam "SW Nuernberg Sued"]

1. d4 Nf6 2. Nf3 e6 3. c4 Bb4+ 4. Nbd2 d5 5. a3 Be7 6. Qc2 Nc6 7. e3 O-O 8. b4
dxc4 9. Bxc4 a6 10. Bb2 Re8 11. O-O Bf8 12. Rfd1 Ne7 13. e4 Ng6 14. Rac1 b6 15.
Bb3 Ra7 16. Nf1 Bb7 17. Ng3 Qa8 18. d5 exd5 19. Bxf6 gxf6 20. exd5 Nf4 21. Qf5
Bd6 22. Qxf6 Qd8 23. Qh6 Ng6 24. Ng5 Qf6 25. Qxh7+ Kf8 26. N5e4 Qf4 27. Nxd6
Qxd6 28. Qh6+ Kg8 29. Nh5 Qe5 30. d6 1-0

[Event "Mittelfranken EM 2022"]
[Site "Nuernberg"]
[Date "2022.04.16"]
[Round "4.2"]
[White "Ammon, Tobias"]
[Black "Kocak, Ediz"]
[Result "1/2-1/2"]
[WhiteElo "2196"]
[BlackElo "2053"]
[PlyCount "122"]
[EventDate "2022.??.??"]
[WhiteTeam "SV Altensittenbach"]
[BlackTeam "SG Fuerth"]

1. e4 c5 2. c3 Nf6 3. e5 Nd5 4. Nf3 d6 5. d4 cxd4 6. cxd4 Nc6 7. Bc4 dxe5 8.
dxe5 Nb6 9. Qxd8+ Nxd8 10. Bb5+ Bd7 11. Nc3 e6 12. Be2 Bb4 13. Bd2 O-O 14. O-O
Nc6 15. Rfd1 Rfd8 16. Bg5 Be7 17. Be3 Nb4 18. Rac1 Kf8 19. g3 h6 20. h4 N4d5
21. Nxd5 Nxd5 22. Bd2 Rac8 23. Ba5 b6 24. Be1 Rxc1 25. Rxc1 Rc8 26. Rxc8+ Bxc8
27. Nd4 Bb7 28. Bf3 Ke8 29. Bd2 Kd7 30. h5 a6 31. Be4 f6 32. Nf3 f5 33. Bd3 Nb4
34. Bxb4 Bxb4 35. Nd4 b5 36. Be2 Bd5 37. Bf3 Bxa2 38. Nc6 Bf8 39. Nb8+ Kc7 40.
Nxa6+ Kb6 41. Nb8 Bb4 42. Nc6 Bc5 43. b4 Bf8 44. Kf1 Bc4+ 45. Ke1 Bd5 46. Bxd5
exd5 47. Nd4 Bxb4+ 48. Kd1 Bc3 49. e6 Bb4 50. Nxf5 Kc7 51. Nxg7 Kd6 52. f4 Bc3
53. Nf5+ Kxe6 54. Nxh6 b4 55. Kc2 Be1 56. g4 b3+ 57. Kxb3 Bd2 58. Kc2 Bxf4 59.
Nf5 Kf6 60. Kd3 Kg5 61. Ne3 Be5 1/2-1/2

[Event "Mittelfranken EM 2022"]
[Site "Nuernberg"]
[Date "2022.04.16"]
[Round "4.3"]
[White "Willim, Michael"]
[Black "Wagner, Florian"]
[Result "1/2-1/2"]
[WhiteElo "2106"]
[BlackElo "2208"]
[PlyCount "105"]
[EventDate "2022.??.??"]
[WhiteTeam "SC Erlangen"]
[BlackTeam "SC NT Nuernberg"]

1. d4 Nf6 2. c4 e6 3. Nf3 d5 4. Nc3 c6 5. e3 Nbd7 6. Qc2 Bd6 7. b3 Qe7 8. Bb2
dxc4 9. Bxc4 b5 10. Be2 Bb7 11. Ne4 Nxe4 12. Qxe4 Bb4+ 13. Kf1 Rb8 14. Rc1 O-O
15. h4 f5 16. Qb1 Bd6 17. Bd3 c5 18. Ne5 Bxe5 19. dxe5 c4 20. Be2 Be4 21. Qa1
f4 22. Bd4 f3 23. gxf3 Bxf3 24. Rh3 Bxe2+ 25. Kxe2 Qf7 26. f4 cxb3 27. axb3
Rfc8 28. Rhh1 Qg6 29. Kd2 Qg2+ 30. Kd3 Qg6+ 31. Kd2 Qg2+ 32. Kd3 Qd5 33. e4 Qb7
34. Rxc8+ Rxc8 35. Rc1 Rf8 36. Ke3 a5 37. Qa2 Qa8 38. b4 Qe8 39. bxa5 Qg6 40.
Qf2 Ra8 41. f5 Qe8 42. Qa2 Nf8 43. Rc7 Qd8 44. Bb6 Qxh4 45. Qg2 g5 46. Qf2 Qh3+
47. Qf3 Qh6 48. Qg4 b4 49. Rc1 Nd7 50. Rg1 Nxe5 51. Qxg5+ Qxg5+ 52. Rxg5+ Kf7
53. Rh5 1/2-1/2

[Event "Mittelfranken EM 2022"]
[Site "Nuernberg"]
[Date "2022.04.16"]
[Round "4.4"]
[White "Seibold, Hubert"]
[Black "Vennemann, Juergen"]
[Result "1/2-1/2"]
[WhiteElo "2099"]
[BlackElo "1897"]
[PlyCount "65"]
[EventDate "2022.??.??"]
[WhiteTeam "SK Zirndorf"]
[BlackTeam "SC Hersbruck"]

1. e4 d6 2. d4 Nf6 3. Nc3 e5 4. dxe5 dxe5 5. Qxd8+ Kxd8 6. Bc4 Be6 7. Bxe6 fxe6
8. f3 c6 9. Be3 Nbd7 10. Nge2 Kc7 11. Nd1 Bc5 12. Nc1 b5 13. Bxc5 Nxc5 14. Nf2
a5 15. Ncd3 Ncd7 16. a4 c5 17. b3 c4 18. Nb2 c3 19. Nbd3 b4 20. Nd1 g5 21. Ne3
h5 22. Nc4 g4 23. Ndxe5 Nxe5 24. Nxe5 gxf3 25. gxf3 Rhg8 26. Kf2 Raf8 27. Rae1
Ng4+ 28. Nxg4 hxg4 29. Re3 gxf3 30. Rxf3 Rd8 31. Rd3 Rdf8+ 32. Rf3 Rd8 33. Rd3
1/2-1/2

[Event "Mittelfranken EM 2022"]
[Site "Nuernberg"]
[Date "2022.04.16"]
[Round "4.5"]
[White "Riexinger, Martin"]
[Black "Wenke, Oldrich"]
[Result "1-0"]
[WhiteElo "1862"]
[BlackElo "2048"]
[PlyCount "133"]
[EventDate "2022.??.??"]
[WhiteTeam "SW Nuernberg Sued"]
[BlackTeam "SG Buechenbach/Roth"]

1. f4 d5 2. Nf3 g6 3. g3 Bg7 4. Bg2 Nh6 5. O-O O-O 6. d3 c6 7. c3 Qb6+ 8. Kh1
Na6 9. e4 Bg4 10. h3 Bxf3 11. Qxf3 dxe4 12. dxe4 Rad8 13. Na3 Kh8 14. Rb1 Nc7
15. Be3 Qa5 16. Qf2 b6 17. Rfc1 Nb5 18. Nxb5 Qxb5 19. a4 Qb3 20. a5 c5 21. Ra1
Ng8 22. axb6 axb6 23. Ra7 Rd1+ 24. Rxd1 Qxd1+ 25. Kh2 Rd8 26. Rb7 Qd6 27. e5
Qe6 28. Qe2 f6 29. Qb5 fxe5 30. Rxb6 Rd6 31. Bxc5 Rxb6 32. Qxb6 Qf5 33. fxe5
Bxe5 34. Bd4 Kg7 35. b4 Nf6 36. Bxe5 Qxe5 37. Qc6 Nh5 38. Qf3 Nf6 39. c4 Qd4
40. Qc6 h5 41. Qe6 Kf8 42. b5 h4 43. gxh4 Qxh4 44. b6 Qf4+ 45. Kg1 Qc1+ 46. Kf2
Qb2+ 47. Kg1 Qc1+ 48. Bf1 Qg5+ 49. Kh1 Qf4 50. Qe2 Ne4 51. Qg2 Nd2 52. b7 Nxf1
53. Kg1 Ne3 54. Qf2 Qxf2+ 55. Kxf2 Nxc4 56. b8=Q+ Kg7 57. Qc7 Nd6 58. Qxe7+ Nf7
59. Kf3 g5 60. Kg4 Kg6 61. Qe6+ Kg7 62. Kh5 Nh8 63. Qe5+ Kh7 64. Qe7+ Kg8 65.
Kh6 Nf7+ 66. Kg6 Nh8+ 67. Kf6 1-0

[Event "Mittelfranken EM 2022"]
[Site "Nuernberg"]
[Date "2022.04.16"]
[Round "4.6"]
[White "Schoene, Steffen"]
[Black "Erlbeck, Peter"]
[Result "0-1"]
[WhiteElo "1844"]
[BlackElo "2034"]
[PlyCount "34"]
[EventDate "2022.??.??"]
[WhiteTeam "Zabo-Eintr Nuernberg"]
[BlackTeam "SW Nuernberg Sued"]

1. d4 f5 2. e4 fxe4 3. Nc3 Nf6 4. Bg5 Nc6 5. d5 Ne5 6. Bxf6 exf6 7. Nxe4 f5 8.
f4 Ng6 9. Ng3 Qf6 10. Bd3 Nxf4 11. N1e2 Nxg2+ 12. Kf2 Nh4 13. Nh5 Bc5+ 14. Kf1
Qg5 15. Neg3 O-O 16. d6 f4 17. Ne4 Qg2+ 0-1

[Event "Mittelfranken EM 2022"]
[Site "Nuernberg"]
[Date "2022.04.16"]
[Round "4.7"]
[White "Hahn, Thomas"]
[Black "Albert, Markus"]
[Result "0-1"]
[WhiteElo "1853"]
[BlackElo "2007"]
[PlyCount "40"]
[EventDate "2022.??.??"]
[WhiteTeam "Zabo-Eintr Nuernberg"]
[BlackTeam "SC Ansbach"]

1. e4 e5 2. f4 Nc6 3. Bc4 f5 4. exf5 Nf6 5. Nc3 d5 6. Bb3 e4 7. d3 Bb4 8. Kf1
Bxf5 9. dxe4 dxe4 10. Be3 Bxc3 11. bxc3 Qe7 12. Ne2 Be6 13. Nd4 Nxd4 14. cxd4
O-O 15. h3 Bxb3 16. axb3 Nd5 17. Qd2 Nxf4 18. Bxf4 e3 19. Qa5 Rxf4+ 20. Ke2 Qe4
0-1

[Event "Mittelfranken EM 2022"]
[Site "Nuernberg"]
[Date "2022.04.16"]
[Round "4.8"]
[White "Zeltner, Ottmar"]
[Black "Blumenthal, Benjamin"]
[Result "1/2-1/2"]
[WhiteElo "1983"]
[BlackElo "1753"]
[PlyCount "49"]
[EventDate "2022.??.??"]
[WhiteTeam "SK Rothenburg"]
[BlackTeam "SC NT Nuernberg"]

1. e4 e5 2. Nf3 Nc6 3. Bc4 Bc5 4. b4 Bxb4 5. c3 Bc5 6. d4 exd4 7. cxd4 Bb4+ 8.
Nbd2 Nge7 9. d5 Na5 10. Bd3 O-O 11. Rb1 Bc5 12. O-O d6 13. Bb2 Bg4 14. Qc2 c6
15. dxc6 Naxc6 16. e5 Ng6 17. exd6 Bxd6 18. Bxg6 hxg6 19. Qc3 Qf6 20. Qxf6 gxf6
21. Bxf6 b6 22. Rbc1 Rac8 23. Rc4 Bxf3 24. Nxf3 Be7 25. Bxe7 1/2-1/2

[Event "Mittelfranken EM 2022"]
[Site "Nuernberg"]
[Date "2022.04.16"]
[Round "4.9"]
[White "Ratushny, Viktor"]
[Black "Hrebenshchykova, Yelyzaveta"]
[Result "0-1"]
[WhiteElo "1250"]
[BlackElo "1973"]
[PlyCount "76"]
[EventDate "2022.??.??"]
[WhiteTeam "SW Nuernberg Sued"]
[BlackTeam "SC NT Nuernberg"]

1. e4 c5 2. Nf3 e6 3. d4 cxd4 4. Nxd4 Nc6 5. Nc3 Qc7 6. Be3 a6 7. a4 Nf6 8. h3
Bb4 9. Bd3 d5 10. O-O Nxd4 11. Bxd4 e5 12. Be3 Bxc3 13. bxc3 dxe4 14. Be2 O-O
15. c4 Be6 16. c5 Nd5 17. Qc1 f5 18. f3 f4 19. Bf2 Nc3 20. Qd2 Nxe2+ 21. Qxe2
e3 22. Bh4 Qxc5 23. Rfb1 Rf7 24. Qd3 Bf5 25. Qe2 Rd7 26. Rd1 Rxd1+ 27. Rxd1
Qxc2 28. Qxc2 Bxc2 29. Ra1 Rc8 30. Rc1 b5 31. axb5 axb5 32. Be1 Kf7 33. g3 g5
34. h4 g4 35. Kg2 gxf3+ 36. Kxf3 Be4+ 37. Kxe4 Rxc1 38. gxf4 exf4 0-1

[Event "Mittelfranken EM 2022"]
[Site "Nuernberg"]
[Date "2022.04.16"]
[Round "4.10"]
[White "Mueller, Christian"]
[Black "Trossmann, Max"]
[Result "1/2-1/2"]
[WhiteElo "1948"]
[BlackElo "1390"]
[PlyCount "46"]
[EventDate "2022.??.??"]
[WhiteTeam "SW Nuernberg Sued"]
[BlackTeam "SC Ansbach"]

1. e4 e5 2. Nf3 Nf6 3. d4 Nxe4 4. Bd3 d5 5. Nxe5 Bd6 6. O-O O-O 7. c4 Bxe5 8.
dxe5 c6 9. cxd5 cxd5 10. Qc2 f5 11. exf6 Nxf6 12. Bg5 h6 13. Bh4 Nc6 14. a3 Be6
15. Rd1 Rc8 16. Qe2 Re8 17. Bg6 Bf7 18. Bxf7+ Kxf7 19. Qd2 d4 20. a4 Re6 21.
Na3 Qd5 22. Nc2 Rce8 23. Bxf6 Kxf6 1/2-1/2

[Event "Mittelfranken EM 2022"]
[Site "Nuernberg"]
[Date "2022.04.16"]
[Round "4.11"]
[White "Rieber, Rene"]
[Black "Schalaev, Seryozka"]
[Result "1-0"]
[WhiteElo "1858"]
[BlackElo "1599"]
[Annotator "maria&dimi"]
[PlyCount "81"]
[EventDate "2022.??.??"]
[WhiteTeam "SC Ansbach"]
[BlackTeam "SC JAEKLECHEMIE"]

{[%evp 0,32,19,27,26,-67,36,31,16,-37,-33,-33,-47,-46,-13,-16,-2,-23,-36,-12,4,
-95,-64,-67,12,-24,-24,-52,-54,-35,-23,-21,-28,-55,-36]} 1. Nf3 d5 2. e4 e6 3.
e5 c5 4. b4 cxb4 5. d4 Nc6 6. a3 bxa3 7. c3 Bd7 8. Nxa3 a6 9. Bd3 b5 10. Ng5
Be7 11. h4 Bxg5 12. Bxg5 Nge7 13. O-O h6 14. Be3 Na5 15. Qg4 Kf8 16. h5 Nc4 17.
Bc1 Na5 18. Ra2 Nec6 19. Nc2 Nc4 20. f4 Ne7 21. Na3 Qa5 22. Bxc4 bxc4 23. Qf3
Rb8 24. Rff2 Rb3 25. Nb1 Qb6 26. Rfb2 a5 27. Nd2 Rxb2 28. Rxb2 Qa7 29. Nxc4 Nc6
30. Nd6 Qa6 31. Rb7 Ke7 32. Ba3 Nb8 33. Qg3 Qe2 34. Nf5+ Kd8 35. Rxb8+ Bc8 36.
Nxg7 Rg8 37. Bd6 Rxg7 38. Qh4+ f6 39. Qxf6+ Ke8 40. Rxc8+ Kd7 41. Qd8# 1-0

[Event "Mittelfranken EM 2022"]
[Site "Nuernberg"]
[Date "2022.04.16"]
[Round "4.12"]
[White "Schloetterer, Hermann"]
[Black "Albayrak, Atilla"]
[Result "1/2-1/2"]
[WhiteElo "1858"]
[BlackElo "1673"]
[Annotator "maria&dimi"]
[PlyCount "86"]
[EventDate "2022.??.??"]
[WhiteTeam "Zabo-Eintr Nuernberg"]
[BlackTeam "SC NT Nuernberg"]

{[%evp 0,70,27,27,23,-20,-8,-8,-2,-17,-5,-11,17,0,0,7,-1,-9,35,2,25,3,3,-1,5,
-6,1,-15,7,7,37,42,88,54,54,54,101,93,93,94,94,96,94,68,83,68,108,136,134,125,
390,138,138,119,169,76,74,75,82,-31,-31,-31,-29,-40,-40,-40,-43,-43,-21,-109,
-60,-59,-76]} 1. d4 d5 2. g3 Nf6 3. Bg2 Bf5 4. c4 e6 5. Nc3 c6 6. Nf3 Be7 7.
O-O O-O 8. Qb3 Qc8 9. Bf4 Nbd7 10. cxd5 Nxd5 11. Nxd5 exd5 12. Rac1 Re8 13.
Rfe1 Nf6 14. Ne5 Be4 15. f3 Bg6 16. Nxg6 hxg6 17. e4 Nh5 18. Bd2 dxe4 19. fxe4
Qd7 20. Be3 Nf6 21. Rcd1 Rad8 22. d5 Qg4 23. Bxa7 cxd5 24. exd5 Bb4 25. Rxe8+
Rxe8 26. Bf2 Ne4 27. Bf3 Qf5 28. Bxe4 Rxe4 29. Kg2 Re2 30. Rf1 Bc5 31. Qf3 Rxb2
32. Qxf5 gxf5 33. Kf3 Bd6 34. Bd4 Rxa2 35. Rb1 Rd2 36. Ke3 Rxh2 37. Kf3 Rh3 38.
Bf2 g5 39. Rxb7 Rh6 40. Ra7 Kg7 41. Bd4+ Kf8 42. Ra8+ Ke7 43. Ra7+ Kf8 1/2-1/2

[Event "Mittelfranken EM 2022"]
[Site "Nuernberg"]
[Date "2022.04.16"]
[Round "4.13"]
[White "Cordts, Elof"]
[Black "Bruss, Robert"]
[Result "0-1"]
[WhiteElo "1681"]
[BlackElo "1825"]
[PlyCount "112"]
[EventDate "2022.??.??"]
[WhiteTeam "SC Erlangen"]
[BlackTeam "SG Fuerth"]

1. e4 c5 2. Nc3 d6 3. f4 Nc6 4. Nf3 g6 5. Bb5 Bd7 6. a3 Bg7 7. O-O e6 8. f5 Nf6
9. fxe6 Bxe6 10. d3 O-O 11. Bxc6 bxc6 12. Qe1 Ng4 13. h3 Ne5 14. Be3 Qe7 15.
Rd1 Rab8 16. b3 f5 17. Nxe5 Bxe5 18. d4 cxd4 19. Bxd4 f4 20. Bxe5 dxe5 21. Nb1
Rf6 22. Qc3 Bc8 23. Nd2 Ba6 24. Rf2 Re6 25. Nf3 g5 26. Rfd2 Rb7 27. Qa5 c5 28.
Qd8+ Kg7 29. Qxe7+ Rexe7 30. Nxg5 c4 31. b4 h6 32. Nf3 Kf6 33. c3 Rb6 34. a4
Bb7 35. a5 Ra6 36. Re2 Ke6 37. Kf1 Rd6 38. Rxd6+ Kxd6 39. Kf2 Ke6 40. b5 Rd7
41. Rd2 Rc7 42. Rb2 Bxe4 43. b6 axb6 44. axb6 Rb7 45. Rb5 Bd5 46. g3 fxg3+ 47.
Kxg3 Rg7+ 48. Kf2 Rf7 49. b7 Rxf3+ 50. Ke2 Bxb7 51. Rxb7 Rxh3 52. Rc7 Kd5 53.
Kd2 h5 54. Rd7+ Ke4 55. Rh7 Rh2+ 56. Ke1 Kd3 0-1

[Event "Mittelfranken EM 2022"]
[Site "Nuernberg"]
[Date "2022.04.16"]
[Round "4.14"]
[White "Wettermann, Bernd"]
[Black "Albayrak, Aylin"]
[Result "0-1"]
[WhiteElo "1781"]
[BlackElo "1648"]
[PlyCount "124"]
[EventDate "2022.??.??"]
[WhiteTeam "Zabo-Eintr Nuernberg"]
[BlackTeam "SC NT Nuernberg"]

1. e4 c5 2. Nf3 Nc6 3. d4 cxd4 4. Nxd4 Nf6 5. Nc3 d6 6. Bc4 e6 7. f3 Be7 8. Be3
a6 9. Bb3 Qc7 10. Qd2 b5 11. O-O Na5 12. Rfd1 Nxb3 13. cxb3 b4 14. Na4 d5 15.
Rac1 Qb7 16. Nc6 Nd7 17. exd5 e5 18. Nxe7 Kxe7 19. Rc7 Qb5 20. Nb6 Rb8 21. d6+
Kd8 22. Nxd7 Bxd7 23. Rc5 Qb7 24. Rxe5 Be6 25. Qd4 Kd7 26. Rxe6 Kxe6 27. Qc4+
Kf6 28. Bd4+ Kg6 29. h4 h5 30. Qd3+ f5 31. Qe3 Qf7 32. Qg5+ Kh7 33. d7 Rhd8 34.
Bc5 Rxd7 35. Rxd7 Qxd7 36. Qxh5+ Kg8 37. Qg6 a5 38. h5 Rc8 39. Be3 Rc6 40. Qg3
Kh7 41. Qf4 Rh6 42. Qh4 Re6 43. Qg5 Qf7 44. Qf4 Qxh5 45. Bf2 Rh6 46. Bg3 Qg6
47. Qe5 Rh5 48. Bf4 Qb6+ 49. Be3 Qd8 50. Bf4 Qd1+ 51. Kf2 Qc2+ 52. Qe2 Qb1 53.
Qb5 Qxb2+ 54. Qe2 Qb1 55. Ke3 Qc1+ 56. Qd2 Qc5+ 57. Qd4 Qe7+ 58. Kf2 Rh1 59.
Qd2 Qh4+ 60. Bg3 Qf6 61. Bf4 Rb1 62. Kg3 Rb2 0-1

[Event "Mittelfranken EM 2022"]
[Site "Nuernberg"]
[Date "2022.04.16"]
[Round "4.15"]
[White "Balhar, Michael"]
[Black "Mishra, Sanyukt"]
[Result "1-0"]
[WhiteElo "1736"]
[BlackElo "1539"]
[PlyCount "73"]
[EventDate "2022.??.??"]
[WhiteTeam "SC Erlangen"]
[BlackTeam "SC NT Nuernberg"]

1. e4 c5 2. Nf3 d6 3. Bb5+ Bd7 4. Bxd7+ Qxd7 5. O-O Nc6 6. c3 g6 7. Re1 Bg7 8.
d4 cxd4 9. cxd4 Rc8 10. Nc3 Nf6 11. d5 Nd8 12. Be3 b6 13. Qd2 Nb7 14. Bh6 O-O
15. Bxg7 Kxg7 16. Nd4 Nd8 17. Rac1 a6 18. Re3 b5 19. Rh3 h5 20. Qg5 Rh8 21. Rf3
b4 22. Nce2 Rxc1+ 23. Qxc1 Nxe4 24. Qe3 Nf6 25. Qg5 Qa4 26. h3 Qxa2 27. Nf5+
Kf8 28. Nxe7 Qxb2 29. Nxg6+ fxg6 30. Rxf6+ Nf7 31. Qxg6 Qa1+ 32. Kh2 Qe5+ 33.
Nf4 Qe7 34. Qf5 Kg7 35. Ne6+ Qxe6 36. dxe6 Nh6 37. Qg6# 1-0

[Event "Mittelfranken EM 2022"]
[Site "Nuernberg"]
[Date "2022.04.16"]
[Round "4.16"]
[White "Dajakaj, Kastriot"]
[Black "Weissmann, Peter"]
[Result "1/2-1/2"]
[WhiteElo "1656"]
[BlackElo "1707"]
[PlyCount "42"]
[EventDate "2022.??.??"]
[WhiteTeam "SG Buechenbach/Roth"]
[BlackTeam "SG Fuerth"]

1. d4 Nf6 2. c4 e6 3. Nf3 b6 4. Nc3 Bb4 5. Bg5 Bb7 6. e3 h6 7. Bh4 Bxc3+ 8.
bxc3 g5 9. Bg3 d6 10. Nd2 Nbd7 11. Qc2 Nh5 12. e4 Qf6 13. Be2 Nf4 14. Bxf4 Qxf4
15. g3 Qf6 16. O-O c5 17. Nb3 e5 18. Rad1 Qg6 19. f3 Rd8 20. d5 Nf6 21. Rf2 Bc8
1/2-1/2

[Event "Mittelfranken EM 2022"]
[Site "Nuernberg"]
[Date "2022.04.16"]
[Round "4.17"]
[White "Friedrich, Michael"]
[Black "Oeztuerk, Dilara"]
[Result "1-0"]
[WhiteElo "1684"]
[BlackElo "794"]
[PlyCount "51"]
[EventDate "2022.??.??"]
[WhiteTeam "SC Erlangen"]
[BlackTeam "Zabo-Eintr Nuernberg"]

1. e4 e6 2. d4 d5 3. e5 c5 4. c3 Nc6 5. Nf3 Qb6 6. Bd3 Bd7 7. O-O cxd4 8. cxd4
Nxd4 9. Nxd4 Qxd4 10. Nc3 Qxe5 11. Re1 Qb8 12. Nxd5 Ne7 13. Bf4 Qc8 14. Rc1 Nc6
15. Nc7+ Kd8 16. Nxa8 Qxa8 17. Bb5 Be7 18. Bxc6 bxc6 19. Qd4 Bf6 20. Be5 Bxe5
21. Qxe5 f6 22. Qd6 Re8 23. Rcd1 Qc8 24. Rxe6 a6 25. Rxe8+ Kxe8 26. Re1+ 1-0

[Event "Mittelfranken EM 2022"]
[Site "Nuernberg"]
[Date "2022.04.16"]
[Round "4.18"]
[White "Suess, Helmut"]
[Black "Dyroff, Roland"]
[Result "1/2-1/2"]
[WhiteElo "1815"]
[BlackElo "1802"]
[PlyCount "34"]
[EventDate "2022.??.??"]
[WhiteTeam "SC NT Nuernberg"]
[BlackTeam "SW Nuernberg Sued"]

1. d4 Nf6 2. Bg5 g6 3. Bxf6 exf6 4. c4 Bg7 5. Nc3 d6 6. e3 O-O 7. Bd3 f5 8.
Nge2 Nd7 9. Qc2 c5 10. Nd5 Re8 11. O-O Nf6 12. Nxf6+ Qxf6 13. dxc5 dxc5 14. Nc3
b6 15. Nd5 Qe5 16. Be2 Rb8 17. Rab1 Bb7 1/2-1/2

[Event "Mittelfranken EM 2022"]
[Site "Nuernberg"]
[Date "2022.04.16"]
[Round "4.19"]
[White "Mankus, Siegfried"]
[Black "Majid, Hakim"]
[Result "1-0"]
[WhiteElo "1536"]
[BlackElo "1481"]
[PlyCount "63"]
[EventDate "2022.??.??"]
[WhiteTeam "Zabo-Eintr Nuernberg"]
[BlackTeam "SW Nuernberg Sued"]

1. d4 e6 2. Nf3 d5 3. e3 Bd6 4. b3 Nf6 5. Nbd2 Nc6 6. Bb2 O-O 7. c4 dxc4 8.
Bxc4 Ne7 9. O-O a6 10. a4 Nf5 11. e4 Bxh2+ 12. Nxh2 Nxd4 13. e5 b5 14. axb5 Nd7
15. Bxd4 Bb7 16. bxa6 Bc6 17. Qg4 Nb6 18. Be3 Nxc4 19. Nxc4 Qd3 20. Bh6 Qg6 21.
Qxg6 fxg6 22. Be3 Rf5 23. f4 Bb5 24. a7 Rff8 25. Nf3 Rfd8 26. Rfd1 Rxd1+ 27.
Rxd1 Kf7 28. Na3 Bc6 29. Rc1 Bxf3 30. Rxc7+ Kf8 31. gxf3 h6 32. Rb7 1-0

[Event "Mittelfranken EM 202"]
[Site "Nuernberg"]
[Date "2022.04.16"]
[Round "5.1"]
[White "Kocak, Ediz"]
[Black "Yelisieiev, Yevhenii"]
[Result "1/2-1/2"]
[WhiteElo "2053"]
[BlackElo "2408"]
[PlyCount "103"]
[EventDate "2022.??.??"]
[WhiteTeam "SG Fuerth"]
[BlackTeam "SC NT Nuernberg"]

1. e4 d6 2. d4 Nf6 3. Nc3 e5 4. Nf3 Nbd7 5. Bc4 Be7 6. O-O O-O 7. Re1 c6 8. a4
a5 9. b3 exd4 10. Nxd4 Ne5 11. Bf1 Ng6 12. Bb2 d5 13. exd5 Nxd5 14. Nxd5 Qxd5
15. Bc4 Qd8 16. Qh5 Bf6 17. Rad1 Bd7 18. Ba3 Re8 19. Rxe8+ Qxe8 20. Nf5 Bxf5
21. Qxf5 Rd8 22. Rxd8 Qxd8 23. Bd3 h6 24. g3 Bd4 25. Bc1 Qf6 26. Bd2 Qxf5 27.
Bxf5 Ne7 28. Bd7 Bb6 29. Kg2 Bc7 30. h4 Nd5 31. Bc8 b6 32. Bb7 Ne7 33. g4 Kf8
34. h5 Ke8 35. f4 f6 36. Kf3 Kd7 37. c4 Bd6 38. Ke4 Kc7 39. c5 Bxc5 40. Ba6 Kd6
41. Bc4 Bb4 42. Be3 c5 43. f5 Bc3 44. Bf4+ Be5 45. Bd2 Nc6 46. Be3 Nb4 47. Bd2
Nc2 48. Bd3 Nd4 49. Bc4 Nc6 50. Be3 Bh2 51. Bd2 Be5 52. Be3 1/2-1/2

[Event "Mittelfranken EM 2022"]
[Site "Nuernberg"]
[Date "2022.04.16"]
[Round "5.2"]
[White "Wagner, Florian"]
[Black "Ammon, Tobias"]
[Result "1-0"]
[WhiteElo "2208"]
[BlackElo "2196"]
[PlyCount "85"]
[EventDate "2022.??.??"]
[WhiteTeam "SC NT Nuernberg"]
[BlackTeam "SV Altensittenbach"]

1. d4 Nf6 2. Nf3 g6 3. c4 Bg7 4. Nc3 d5 5. cxd5 Nxd5 6. Bd2 Nb6 7. Bf4 c5 8.
dxc5 Bxc3+ 9. bxc3 Qxd1+ 10. Rxd1 Na4 11. e4 Nxc5 12. Nd2 O-O 13. Be3 Nbd7 14.
Bc4 b6 15. Nb3 Bb7 16. Nxc5 Nxc5 17. Bxc5 bxc5 18. f3 Rfd8 19. Ke2 Rab8 20.
Rxd8+ Rxd8 21. Rb1 Rd7 22. Rb5 Rc7 23. Ra5 Bc8 24. Kd3 Rd7+ 25. Kc2 Rc7 26. Bd5
e6 27. Ba8 f6 28. Kb3 Kf8 29. Kc4 Ke7 30. Rxc5 Kd6 31. e5+ fxe5 32. Rxc7 Ba6+
33. Kb4 Kxc7 34. Be4 Bf1 35. g4 Be2 36. c4 h6 37. h4 g5 38. h5 Kb6 39. c5+ Ka6
40. a4 Bf1 41. a5 Bb5 42. c6 Ba4 43. Bd3+ 1-0

[Event "Mittelfranken EM 2022"]
[Site "Nuernberg"]
[Date "2022.04.16"]
[Round "5.3"]
[White "Redzepovic, Irfan"]
[Black "Albert, Markus"]
[Result "1-0"]
[WhiteElo "2079"]
[BlackElo "2007"]
[PlyCount "91"]
[EventDate "2022.??.??"]
[WhiteTeam "SW Nuernberg Sued"]
[BlackTeam "SC Ansbach"]

1. d4 f5 2. e4 fxe4 3. Nc3 Nf6 4. Bg5 Nc6 5. d5 Ne5 6. Qe2 Nf7 7. Bxf6 exf6 8.
Nxe4 Be7 9. O-O-O O-O 10. f4 Nd6 11. Nxd6 Bxd6 12. g3 Re8 13. Qh5 g6 14. Qf3
Bc5 15. d6 Bxd6 16. Qd5+ Kh8 17. h4 Qe7 18. h5 g5 19. fxg5 Bxg3 20. Nf3 c6 21.
Qd3 fxg5 22. Rg1 Bf4+ 23. Kb1 d5 24. Qd4+ Be5 25. Qd2 g4 26. Nxe5 Qxe5 27. Bd3
Bd7 28. Rde1 Qd6 29. Be2 Re4 30. Bxg4 Rae8 31. Rxe4 Rxe4 32. Bxd7 Qxd7 33. Qg5
Qf7 34. h6 Qg6 35. Qc1 Rg4 36. Rf1 Kg8 37. Qe3 Re4 38. Qxa7 Qe8 39. Qg1+ Qg6
40. Qh2 Qe8 41. Qg2+ Qg6 42. Qf2 Qxh6 43. Qf7+ Kh8 44. Rg1 Qg6 45. Qf8+ Qg8 46.
Qxg8# 1-0